000 01079nam a2200289Ia 4500
003 OSt
005 20220930092755.0
006 a|||||r|||| 00| 0
007 ta
008 220926b |||||||| |||| 00| 0 eng d
024 _a24540
037 _cTheses
040 _aCRL
_cCRL
_beng
041 _2eng
_aeng
100 _aBhatnagar Gunjan
_9549667
110 _aUniversity OF Delhi. Faculty OF Medical Sciences. Department OF Obstetrics and Gynecology
_9538389
245 0 _aReduced glutathione levels as a marker of oxidative stress in hepatitis E infection in third trimester of pregnancy
260 _c2015
650 _aWOMEN - DISEASES
700 _a Dr. Ashok Kumar Gu.
_9532098
700 _a Dr. P. Kar Gu.
700 _a Dr. Sarita Aggarwal Gu.
700 _a Dr. Sudha Prasad Gu.
_9532712
700 _aUniversity OF Delhi. Faculty OF Medical Sciences. Department OF Obstetrics and Gynecology
_9538390
942 _cDIS
_2CC
999 _c884273
_d884273